|
|
|
|
| LEADER |
00000cam a2200000 7i4500 |
| 001 |
0000010487 |
| 005 |
20090128.0 |
| 008 |
090128t -usa i eng |
| 020 |
|
|
|a 978141295647
|
| 040 |
|
|
|a INS
|
| 090 |
0 |
0 |
|a HF5414
|b K68 2008
|
| 100 |
1 |
|
|a Kotler,Philip
|
| 245 |
1 |
0 |
|a Social marketing :
|b influencing behaviors for good
|c Philip Kotler, Nancy R.Lee
|
| 250 |
|
|
|a 3rd. ed.
|
| 260 |
|
|
|a Los Angeles :
|b Sage Publications ,
|c 2008
|
| 300 |
|
|
|a xii, 444p. :
|b ill. ;
|c 23cm.
|
| 500 |
|
|
|a Includes bibliographical and index
|
| 650 |
|
0 |
|a Behavior modification
|
| 650 |
|
0 |
|a Social marketing
|
| 700 |
1 |
|
|a Lee,Nancy R
|
| 999 |
|
|
|a 0000020437
|b BOOK
|c Open Shelf
|e Default branch
|